000 00568nam a22002057a 4500
003 0
005 20250324144419.0
008 250324b xxu||||| |||| 00| 0 eng d
020 _a9781984689122
050 _aHF 5667
_b.Sh36 2024
100 _aShao, Jianlin
245 _aAuditing basics
_cJianlin Shao
250 _aThird edition
260 _aNew York
_b3G E-Learning, LLC
_c2024
300 _axii, 402 pages :
_bcolored illustrations and pictures ;
_c25cm.
504 _aIncludes index.
650 _aAudit.
650 _aAuditing.
942 _2lcc
_cBK
999 _c367327
_d367327